01341nam a2200217Ia 450000500170000000800410001702000230005804100090008110000250009024500450011526000190016026000330017926000100021230000190022250507280024170000280096970000310099785600230102885600140105185600580106520260511143046.0260511s9999 xx 000 0 und d a978-958-9009-86-4. aSpa. aFals Borda, Orlando. 0aCiencia, compromiso y transformación . aBogotá D.C.. bEditorial Universidad INCCA. c2026. a220 páginas. aLas metodologías de la Investigación Participativa una construcción permanente, La dimensión ético–política de la Investigación–Acción Participativa (IAP). A propósito de la propuesta de Orlando Fals Borda, Intersecciones epistémicas: encuentros y desencuentros entre la propuesta epistémico- política de Orlando Fals Borda y la complejidad, Orlando Fals Borda y Carlos Rodrigues Brandão: un diálogo permanente entre la investigación participativa y la educación popular. Una lectura militante desde sus aportes y perspectivas pedagógicas, Lo Popular en la obra de Orlando Fals Borda, “Uno siembra la semilla, pero ella tiene su propia dinámica”: Entrevista a Orlando Fals Borda. aAponte Rivera, Adriana. aCendales González, Lola. qaplicación/ PDF. s2,12 MB . uhttps://online.fliphtml5.com/bcebg/Fals-Borda-Final/.